Welcome to CU Library Online Public Access Catalogue (OPAC)

The 90 second lawyer : (Record no. 3409)

MARC details
000 -LEADER
fixed length control field 00973cam a2200241 a 4500
001 - CONTROL NUMBER
control field 1146186
005 - DATE AND TIME OF LATEST TRANSACTION
control field 20250203205053.0
008 - FIXED-LENGTH DATA ELEMENTS--GENERAL INFORMATION
fixed length control field 951228s1996 nyu 001 0 eng
020 ## - INTERNATIONAL STANDARD BOOK NUMBER
International Standard Book Number 0471147249 (paper : alk. paper)
050 00 - LIBRARY OF CONGRESS CALL NUMBER
Classification number KF387
Item number .I78 1996
082 00 - DEWEY DECIMAL CLASSIFICATION NUMBER
Classification number 349.73
-- 347.3
Edition information 20
100 1# - MAIN ENTRY--PERSONAL NAME
Personal name Irwin, Robert,
Dates associated with a name 1941-
245 14 - TITLE STATEMENT
Title The 90 second lawyer :
Remainder of title answers to common personal and business legal questions /
Statement of responsibility, etc. Robert Irwin, David L. Ganz.
260 ## - PUBLICATION, DISTRIBUTION, ETC.
Place of publication, distribution, etc. New York :
Name of publisher, distributor, etc. J. Wiley,
Date of publication, distribution, etc. c1996.
300 ## - PHYSICAL DESCRIPTION
Extent xvii, 302 p. ;
Dimensions 23 cm.
650 #0 - SUBJECT ADDED ENTRY--TOPICAL TERM
Topical term or geographic name entry element Law
Geographic subdivision United States
General subdivision Popular works.
650 #0 - SUBJECT ADDED ENTRY--TOPICAL TERM
Topical term or geographic name entry element Law
Geographic subdivision United States
General subdivision Miscellanea.
700 1# - ADDED ENTRY--PERSONAL NAME
Personal name Ganz, David L.
856 42 - ELECTRONIC LOCATION AND ACCESS
Materials specified Contributor biographical information
Uniform Resource Identifier <a href="http://www.loc.gov/catdir/bios/wiley041/95054005.html">http://www.loc.gov/catdir/bios/wiley041/95054005.html</a>
856 42 - ELECTRONIC LOCATION AND ACCESS
Materials specified Publisher description
Uniform Resource Identifier <a href="http://www.loc.gov/catdir/description/wiley033/95054005.html">http://www.loc.gov/catdir/description/wiley033/95054005.html</a>
856 4# - ELECTRONIC LOCATION AND ACCESS
Materials specified Table of Contents
Uniform Resource Identifier <a href="http://www.loc.gov/catdir/toc/onix03/95054005.html">http://www.loc.gov/catdir/toc/onix03/95054005.html</a>
942 ## - ADDED ENTRY ELEMENTS (KOHA)
Source of classification or shelving scheme Library of Congress Classification
Koha item type Books
Suppress in OPAC No
999 ## -
-- 3409
-- 3409
Holdings
Withdrawn status Lost status Source of classification or shelving scheme Damaged status Not for loan Collection Home library Current library Shelving location Date acquired Total checkouts Full call number Barcode Date last seen Copy number Price effective from Koha item type
    Library of Congress Classification     Non-fiction Law Library (Christ Temple) Law Library (Christ Temple) General stacks 02/03/2025   KF387.I78 IRW LLCT00000357 02/03/2025 1 02/03/2025 Books
© 2023-2024 Copyright: Central University Libraries. All Rights Reserved | Created by: Mahone Tech Office